| 000 | 00858cam a2200241 4500500 | ||
|---|---|---|---|
| 005 | 20251012015538.0 | ||
| 041 | _afre | ||
| 042 | _adc | ||
| 100 | 1 | 0 |
_aM’raouni, Bouchra _eauthor |
| 700 | 1 | 0 |
_a Souli, Ikram _eauthor |
| 700 | 1 | 0 |
_a Lakhouaja, Nadia _eauthor |
| 700 | 1 | 0 |
_a Lamjadli, Saad _eauthor |
| 700 | 1 | 0 |
_a Salami, Abdelmouine _eauthor |
| 700 | 1 | 0 |
_a Eddehbi, Fatima-Ezzohra _eauthor |
| 700 | 1 | 0 |
_a Oualhadj, Hamza _eauthor |
| 700 | 1 | 0 |
_a Hazime, Raja _eauthor |
| 700 | 1 | 0 |
_a Admou, Brahim _eauthor |
| 245 | 0 | 0 | _aMonocytes et cancer : éclairages fondamentaux et perspectives thérapeutiques |
| 260 | _c2025. | ||
| 500 | _a2 | ||
| 786 | 0 | _nAnnales de Biologie Clinique | 83 | 4 | 2025-09-03 | p. 357-371 | 0003-3898 | |
| 856 | 4 | 1 | _uhttps://shs.cairn.info/revue-annales-de-biologie-clinique-2025-4-page-357?lang=fr&redirect-ssocas=7080 |
| 999 |
_c1532432 _d1532432 |
||